<?xml version="1.0" encoding="UTF-8"?>
<collection xmlns="http://www.loc.gov/MARC21/slim">
 <record>
  <leader>00616cam a2200169 7i4500</leader>
  <controlfield tag="001">0000015952</controlfield>
  <controlfield tag="005">20011105090000.0</controlfield>
  <datafield tag="020" ind1="#" ind2="0">
   <subfield code="a">185233195X (alk. paper) </subfield>
  </datafield>
  <datafield tag="090" ind1="0" ind2="0">
   <subfield code="a">QA 76.9 </subfield>
   <subfield code="b">M35 S816</subfield>
  </datafield>
  <datafield tag="100" ind1="1" ind2="#">
   <subfield code="a">Ștef?anescu, </subfield>
   <subfield code="c">1955- </subfield>
  </datafield>
  <datafield tag="245" ind1="1" ind2="0">
   <subfield code="a">Network algebra  </subfield>
   <subfield code="c">Gheorghe Ștef?anescu.</subfield>
  </datafield>
  <datafield tag="260" ind1="#" ind2="#">
   <subfield code="a">London</subfield>
   <subfield code="a">New York: </subfield>
   <subfield code="b">Springer, </subfield>
   <subfield code="c">2000..</subfield>
  </datafield>
  <datafield tag="300" ind1="#" ind2="#">
   <subfield code="a">xv, 400 p.: </subfield>
   <subfield code="b">ill.; </subfield>
   <subfield code="c">24 cm..</subfield>
  </datafield>
  <datafield tag="490" ind1="0" ind2="0">
   <subfield code="a">Discrete mathematics and theoretical computer science</subfield>
  </datafield>
  <datafield tag="504" ind1="0" ind2="0">
   <subfield code="a">Includes bibliographical references (p. [381]-390) and index.</subfield>
  </datafield>
  <datafield tag="650" ind1="0" ind2="0">
   <subfield code="a">Computer science -- </subfield>
   <subfield code="x">Mathematics. </subfield>
  </datafield>
  <datafield tag="999" ind1=" " ind2=" ">
   <subfield code="a">2000131076</subfield>
   <subfield code="b">Book</subfield>
   <subfield code="c">Open Shelf</subfield>
   <subfield code="e">KOLEKSI TERBUKA</subfield>
  </datafield>
 </record>
</collection>
